000 00533cam a2200193 4500500
005 20260329004557.0
041 _afre
042 _adc
100 1 0 _aRontard, Yseult
_eauthor
245 0 0 _aPromesse
260 _c2020.
500 _a78
690 _aAustin
690 _aCicéron
690 _aHobbes
690 _aPromesse
786 0 _nPhilosophie magazine | 140 | 7 | 2020-07-01 | p. 43-43 | 1951-1787
856 4 1 _uhttps://shs.cairn.info/magazine-philosophie-magazine-2020-7-page-43?lang=fr&redirect-ssocas=7080
999 _c1835293
_d1835293